000 007410000a22002170004500
003 LK-CoMWRAF
005 20240114125006.0
008 230817t2009 ||||| |||| 00| 0 eng d
040 _aLK-CoMWRAF
_dLK-CoMWRAF
_eLK-CoMWRAF
041 _atam
082 _a297.2
_bGAZ
100 _aகஸ்ஸாலி, இமாம்
_vGazzali, Imam
245 _aஉள்ளத்தின் விந்தைகள்
246 _aUllaththin Vinthaigal
260 _aChennai:
_bUniversal,
_c2009
300 _a136 p.
650 _aISLAM
700 _a வஹ்ஹாப், எஸ். அப்துல்
_yWahhab, S. Abdul
_etrans.
856 _uhttps://files.secure.website/wscfus/3019911/2342636/ullaththin-vinthaigal.pdf
942 _cBK
999 _c1597
_d1597